000 00209nam a2200097Ia 4500
008 240331s9999 xx 000 0 und d
082 _bSUD
100 _aSudaesamithiran,
245 0 _aGopuram thaangi
942 _cL
999 _c4727
_d4727